000 00410nam a2200181Ia 4500
001 24405
005 20260414151041.0
008 260414t2004||||xx |||||||||||||| ||spa||
041 _aESP
082 _a345.7
_bH81
100 _aHoyos, Arturo
_eAUT
245 0 _aEl debido proceso
_b
260 _c2004
300 _a106 páginas :
_c20 cm.
650 _aDER
654 _aCDE
942 _cLIB
_dJUS
_fJUS
_2ddc
_n
999 _c24405
_d24405